Human resource development research handbook : (Record no. 3488)

MARC details
000 -LEADER
fixed length control field 01491cam a2200193 a 4500
020 ## - INTERNATIONAL STANDARD BOOK NUMBER
ISBN 1881052680 (alk. paper)
050 00 - CALL NUMBER
Classification number HD4904.7
Item number .H862
245 00 - TITLE
Title Human resource development research handbook :
Remainder of title linking research and practice /
Statement of responsibility, etc Richard A. Swanson, Elwood F. Holton III, editors.
250 ## - EDITION
Edition statement 1st ed.
260 ## - PUBLICATION INFORMATION
Place of publication San Francisco :
Name of publisher Berrett-Koehler,
Year of publication c1997.
300 ## - DESCRIPTION
Number of Pages xv, 233 p. :
Other physical details ill. ;
Dimensions 24 cm.
440 #2 - SERIES
SERIES A publication in the Berrett-Koehler organizational performance series
500 ## - NOTES
General note "Sponsored by The Academy of Human Resource Development & The American Society for Training and Development."
505 ## - FORMATTED CONTENTS NOTE
Table of Content Chapter 1. HRD Research: Don't Go to Work Without It! / Richard A. Swanson --<br/>Chapter 2. How Research Contributes to the HRD Value Chain Michael P. Leimbach and Timothy T. Baldwin --<br/>Chapter 3. HRD Partnerships for Integrating HRD Research and Practice / Ronald L. Jacobs --<br/>Chapter 4. Quantitative Research Methods / Elwood F. Holton III and Michael F. Burnett --<br/>Chapter 5. Qualitative Research Methods / Barbara L. Swanson, Karen E. Watkins and Victoria J. Marsick --<br/>Chapter 6. Theory-Building Research Methods / Richard J. Torraco --<br/>Chapter 7. Case Study Research Methods / Victoria J. Marsick and Karen E. Watkins --<br/>Chapter 8. Examples of Excellent HRD Research / Gary N. McLean and Darlene Russ-Eft.
650 #0 - SUBJECTS
Topical Term Human capital
General subdivision Research
-- Methodology.
700 1# - OTHER AUTHORS
Personal name Swanson, Richard A.,
700 1# - OTHER AUTHORS
Personal name Holton, Elwood F.,
942 ## - ADDED ENTRY ELEMENTS (KOHA)
Koha item type Books
Holdings
Withdrawn status Lost status Collection code Home library Current library Shelving location Date acquired Full call number Accession Number Koha item type
    Reference Methodist University Library Main Methodist University Library Main General Stacks 02/11/2007 HD4904.7 .H862 29325 Books
Copyright © 2026  MUG Library